O niektorých fenoménoch nízkonapäťového vypínacieho procesu : Habil.práca : Obh. 11.07.1991 /
Salvato in:
| Autore principale: | |
|---|---|
| Natura: | Manoscritto Libro |
| Pubblicazione: |
Bratislava :
SVŠT v Bratislave EF,
1991
|
| Tags: |
Nessun Tag, puoi essere il primo ad aggiungerne!!
|
MARC
| LEADER | 00000ntm a22000003a 4500 | ||
|---|---|---|---|
| 001 | stu7312 | ||
| 005 | 20150617225809.7 | ||
| 008 | ------s1991----------------------------d | ||
| 040 | |a STU |b slo | ||
| 041 | 0 | ||
| 100 | 1 | |a Valent, Ferdinand, |d 1940- |4 aut |u E020 |U FEI Fakulta elektrotechniky a informatiky |T FEI Ústav elektroenergetiky a aplikovanej elektrotechniky |X 3652 |U E020 |Y 548 |7 A000003652 | |
| 245 | 1 | |a O niektorých fenoménoch nízkonapäťového vypínacieho procesu : |b Habil.práca : Obh. 11.07.1991 / |c [aut.] Valent,Ferdinand, Ing. CSc | |
| 260 | |a Bratislava : |b SVŠT v Bratislave EF, |c 1991 | ||
| 300 | |a 118 s | ||
| 996 | |b 284ED01020 |c E*HABIL-86 |l EE01 |s A |a 24 |w stu7312_0001 | ||